Teología en Valencia: raíces y retos. Buscando nuestros orígenes, de cara al futuro. Actas del X simposio de teología histórica -3-5 marzo 1999-

Uloženo v:
Podrobná bibliografie
Médium: Kniha
Jazyk:španělština
Vydáno: Valencia Facultad de Teología San Vicente Ferrer 2000
Vydání:1a. ed
Edice:Series Valentina, 45
Témata:
Tagy: Přidat tag
Žádné tagy, Buďte první, kdo vytvoří štítek k tomuto záznamu!

MARC

LEADER 00000cam a2200000 a 4500
001 UCD7042
003 CL-VaPUC
005 20230524143923.0
008 170309e20000000sp 1 spa d
020 |a 8495269082 
082 0 4 |a 270.6  |b TEO  |2 21 
245 1 0 |a Teología en Valencia: raíces y retos. Buscando nuestros orígenes, de cara al futuro. Actas del X simposio de teología histórica -3-5 marzo 1999- 
250 |a 1a. ed 
260 |a Valencia  |b Facultad de Teología San Vicente Ferrer  |c 2000 
300 |a 651 p 
490 0 |a Series Valentina, 45 
583 |a last modification  |c 20170309 22:28:00  |k Rodrigo Vera 
650 0 0 |a Teología cristiana  |9 308336 
650 0 0 |a Cristianismo  |9 257361 
650 0 0 |a Historia del cristianismo  |9 473480 
650 0 7 |a RELIGION SIGLO 16  |2 CL-VaPUC  |9 349349 
651 0 |a España  |9 254926 
942 |c BK 
945 |a dcastane  |d 20170309 22:28:00 
546 |a En Español 
536 |a Facultad de Teología San Vicente Ferrer 
518 |p Simposio de Teología Histórica: raíces y retos. Buscando nuestros orígenes de cara al futuro, 10, Valencia, 3 a 5 de marzo de 1999 
999 |c 384865  |d 384863 
952 |0 0  |1 0  |3 erb  |4 0  |6 270_600000000000000_TEO_2000  |7 0  |8 A  |9 507866  |a BIBTEO  |b BIBTEO  |i 536308K  |o 270.6 TEO 2000  |p 536308K  |r 2025-01-17  |w 2020-01-23  |y BK  |z Catalogado en:20170309  |k ICR